000
00319nam a2200121 a 4500
005
20140414131900.0
008
100916s19uu xx 00 eng d
050
_a
FIC
_b
B62 1991
100
_a
Bloss, Janet Adele
245
_a
Frog soup and bug breath.
260
_a
Florida :
_b
Willowisp Press,
_c
1991.
999
_c
110633
_d
110633